书目信息 |
| 题名: |
涂尔干教育社会学研究
|
|
| 作者: | 范哗 著 | |
| 分册: | ||
| 出版信息: | 太原 山西人民出版社 2020.05 |
|
| 页数: | 253页 | |
| 开本: | 26cm | |
| 丛书名: | 教育薪火书系 | |
| 单 册: | ||
| 中图分类: | G40-095.65 | |
| 科图分类: | ||
| 主题词: | 杜尔克姆--教育社会学--思想评论 | |
| 电子资源: | ||
| ISBN: | 978-7-203-11264-8 | |
| 000 | 00973oam2 2200265 450 | |
| 001 | 0108153856 | |
| 005 | 20210308154400.0 | |
| 010 | @a978-7-203-11264-8@dCNY76.00 | |
| 100 | @a20200911d2020 em y0chiy50 ea | |
| 101 | 0 | @achi |
| 102 | @aCN@b140000 | |
| 105 | @ay z 000yy | |
| 106 | @ar | |
| 200 | 1 | @a涂尔干教育社会学研究@Atu er gan jiao yu she hui xue yan jiu@f范哗著 |
| 210 | @a太原@c山西人民出版社@d2020.05 | |
| 215 | @a253页@d26cm | |
| 225 | 2 | @a教育薪火书系@h第一辑 |
| 330 | @a本书共分五章,内容包括:涂尔干社会学研究中的道德教育、涂尔干教育社会学研究的基本理论、涂尔干教育社会学研究的核心问题、涂尔干教育社会学研究的改革实践、涂尔干教育社会学研究的历史评价。 | |
| 461 | 0 | @12001 @a教育薪火书系 |
| 600 | 0 | @a杜尔克姆@f(1858-1917)@c(Durkheim, Emile)@x教育社会学@x思想评论 |
| 606 | 0 | @a杜尔克姆@x教育社会学@x思想评论 |
| 690 | @aG40-095.65@v5 | |
| 701 | 0 | @a范哗@Afan hua@4著 |
| 801 | 0 | @aCN@bBJSZM@c20210308 |
| 905 | @b1270462-6@dG40-095.65@e1199@f5 | |
| 涂尔干教育社会学研究/范哗著.-太原:山西人民出版社,2020.05 |
| 253页;26cm.-(教育薪火书系.第一辑) |
| ISBN 978-7-203-11264-8:CNY76.00 |
| 本书共分五章,内容包括:涂尔干社会学研究中的道德教育、涂尔干教育社会学研究的基本理论、涂尔干教育社会学研究的核心问题、涂尔干教育社会学研究的改革实践、涂尔干教育社会学研究的历史评价。 |
| ● |
| 相关链接 |
|
|
|
|
正题名:涂尔干教育社会学研究
索取号:G40-095.65/1199
 
预约/预借
| 序号 | 登录号 | 条形码 | 馆藏地/架位号 | 状态 | 备注 |
| 1 | 1270462 | 212704625 | 第一样本阅览室/ [索取号:G40-095.65/1199] | 在馆 | |
| 2 | 1270463 | 212704634 | 教育系资料室/ [索取号:G40-095.65/1199] | 在馆 | |
| 3 | 1270464 | 212704643 | 教育系资料室/ [索取号:G40-095.65/1199] | 在馆 | |
| 4 | 1270465 | 212704652 | 第四借阅区/ [索取号:G40-095.65/1199] | 在馆 | |
| 5 | 1270466 | 212704661 | 第四借阅区/ [索取号:G40-095.65/1199] | 在馆 |